000 00593nam a2200205Ia 4500
005 20250923144641.0
008 008 250917s9999 xx 000 0 eng d
037 _aTextual
040 _aDSWL
_beng
_cDSWL
041 _aeng
_2eng
084 _az2'J, L73
_qDSWL
100 _aGladwin, Irvancis
_9826998
245 0 _aAyeen Akbery
_cby Irvancis Gladwin
260 _aCalcutta
_b Indian Pub. Society Ltd., 8, Harrusian Road
_c1783
300 _av,xxxi,802,lxviiip.
365 _aINR
_b28
925 _g28
942 _cTEXL
_hz2'J, L73
999 _c1441617
_d1441617